000 00609nam a22002051a 4500
001 2165
003 OSt
005 20260204211802.0
008 070116s2003||||mx ||||||b||||||||||spa||
020 _a9702600537
050 _a170 V233e
100 _aValdés Salmerón, Verónica
245 _aEtica ciudadana de lo individual a lo social a lo global /Verónica Valdés Salmerón y Iñigo Fernández Fernández
264 _aMéxico: Pearson Educación
300 _a178 p
500 _aIncluye bibliografía
650 _a1.Etica Ciudadana
700 _aFernández Fernández, IñigoÌ
942 _2ddc
_cBK
999 _c2165
_d2165